<?xml version="1.0" encoding="UTF-8"?>
<record
    xmlns:xsi="http://www.w3.org/2001/XMLSchema-instance"
    xsi:schemaLocation="http://www.loc.gov/MARC21/slim http://www.loc.gov/standards/marcxml/schema/MARC21slim.xsd"
    xmlns="http://www.loc.gov/MARC21/slim">

  <leader>00654nam a22001937a 4500</leader>
  <controlfield tag="005">20240805150024.0</controlfield>
  <datafield tag="010" ind1=" " ind2=" ">
    <subfield code="a">ENG-141194</subfield>
  </datafield>
  <datafield tag="020" ind1=" " ind2=" ">
    <subfield code="c">999.00</subfield>
    <subfield code="a">9788196671181</subfield>
  </datafield>
  <datafield tag="035" ind1=" " ind2=" ">
    <subfield code="a">EN-124726</subfield>
  </datafield>
  <datafield tag="037" ind1=" " ind2=" ">
    <subfield code="b">DBAD</subfield>
  </datafield>
  <datafield tag="082" ind1=" " ind2=" ">
    <subfield code="a">658.4038</subfield>
    <subfield code="2">1</subfield>
  </datafield>
  <datafield tag="100" ind1=" " ind2=" ">
    <subfield code="a">Suresh, Lata</subfield>
    <subfield code="9">69482</subfield>
  </datafield>
  <datafield tag="245" ind1="0" ind2="0">
    <subfield code="a">Knowledge Management:</subfield>
    <subfield code="c">By Lata Suresh</subfield>
    <subfield code="b">Maximizing Organizational Intelligence for Success/</subfield>
  </datafield>
  <datafield tag="250" ind1=" " ind2=" ">
    <subfield code="a">1</subfield>
  </datafield>
  <datafield tag="260" ind1=" " ind2=" ">
    <subfield code="a">Mumbai</subfield>
    <subfield code="b">Kabdwal Book International </subfield>
  </datafield>
  <datafield tag="270" ind1=" " ind2=" ">
    <subfield code="a">Plot No. 179, D/42, Raigad CHS, Sector 1, Charkop, Kandivali(W)</subfield>
    <subfield code="b">Mumbai</subfield>
    <subfield code="e">400067</subfield>
    <subfield code="m">order@kabdwalbook.com</subfield>
  </datafield>
  <datafield tag="300" ind1=" " ind2=" ">
    <subfield code="a">426p.</subfield>
    <subfield code="c">22cm(pbk)</subfield>
  </datafield>
  <datafield tag="942" ind1=" " ind2=" ">
    <subfield code="2">ddc</subfield>
    <subfield code="c">EN</subfield>
    <subfield code="m">SUR</subfield>
    <subfield code="h">658.4038</subfield>
    <subfield code="e">1</subfield>
  </datafield>
  <datafield tag="999" ind1=" " ind2=" ">
    <subfield code="c">204837</subfield>
    <subfield code="d">204837</subfield>
  </datafield>
  <datafield tag="952" ind1=" " ind2=" ">
    <subfield code="0">0</subfield>
    <subfield code="1">0</subfield>
    <subfield code="4">0</subfield>
    <subfield code="7">0</subfield>
    <subfield code="8">NFIC</subfield>
    <subfield code="a">BL1</subfield>
    <subfield code="b">BL1</subfield>
    <subfield code="d">2024-08-05</subfield>
    <subfield code="e">Delivery of Books Act Division</subfield>
    <subfield code="g">999.00</subfield>
    <subfield code="l">0</subfield>
    <subfield code="o">SUR 658.4038</subfield>
    <subfield code="p">EN-124726</subfield>
    <subfield code="r">2024-08-05 00:00:00</subfield>
    <subfield code="t">1</subfield>
    <subfield code="v">999.00</subfield>
    <subfield code="w">2024-08-05</subfield>
    <subfield code="y">EN</subfield>
  </datafield>
</record>
